[Event "Deutsche Ländermeisterschaft 2015"]
[Site "Hannover GER"]
[Date "2015.10.07"]
[Round "7"]
[White "Mütsch, Annmarie"]
[Black "Köhler, Inken"]
[Result "1-0"]
[Termination "normal"]
[Board "3.6"]
[WhiteElo "1974"]
[BlackElo "1728"]
[WhiteClock "00:24:54"]
[BlackClock "00:41:12"]
[WhiteTeam "Baden 1"]
[BlackTeam "Schleswig-Holstein"]
[PlyCount "118"]
[WhiteFideId "12971367"]
[BlackFideId "12929301"]
[EventCountry "GER"]
[EventRounds "7"]
[EventType "team-swiss"]
[EventDate "2015.10.02"]

1. e4 c5 2. Nf3 e6 3. d4 cxd4 4. Nxd4 Nf6 5. Nc3 Nc6 6. Ndb5 Bc5 7. Nd6+ Ke7 8.
Bf4 e5 9. Nf5+ Kf8 10. Bg5 d6 11. Bc4 h6 12. Bxf6 Qxf6 13. Nd5 Qg6 14. Qf3 Nd4
15. Nxd4 Bxd4 16. c3 Bg4 17. Qd3 Bc5 18. b4 Bb6 19. a4 Be6 20. Nxb6 axb6 21.
Qxd6+ Kg8 22. Bxe6 Qxe4+ 23. Kf1 fxe6 24. Qxe6+ Kh7 25. h3 Rxa4 26. Re1 Qd3+
27. Kg1 Rf8 28. Qxe5 Qd2 29. Qe4+ Kh8 30. Qe3 Qxe3 31. Rxe3 Ra1+ 32. Kh2 Rxh1+
33. Kxh1 Rxf2 34. Re7 Rc2 35. Rxb7 Rxc3 36. Rxb6 Kg8 37. Rb7 Rb3 38. Kg1 Kf8
39. Kh2 g5 40. Kh1 Rb1+ 41. Kh2 Rb3 42. b5 Ke8 43. b6 Kd8 44. Rb8+ Kd7 45. b7
Kc7 46. Rh8 Kxb7 47. Rxh6 Kc7 48. Rg6 Kd7 49. Rxg5 Ke6 50. Rg3 Rb4 51. Rf3 Rb7
52. g4 Rb4 53. Kg3 Rb1 54. g5 Rb4 55. g6 Rb1 56. Kg4 Rb7 57. Kg5 Rb5+ 58. Kh6
Rb4 59. g7 Kd5 1-0

[Event "Deutsche Ländermeisterschaft 2015"]
[Site "Hannover GER"]
[Date "2015.10.07"]
[Round "7"]
[White "Caliebe, Nanke"]
[Black "Wu, Leon"]
[Result "0-1"]
[Termination "normal"]
[Board "3.7"]
[WhiteElo "1527"]
[BlackElo "1689"]
[WhiteClock "00:04:34"]
[BlackClock "00:43:07"]
[WhiteTeam "Schleswig-Holstein"]
[BlackTeam "Baden 1"]
[PlyCount "76"]
[WhiteFideId "12980528"]
[BlackFideId "12977438"]
[EventCountry "GER"]
[EventRounds "7"]
[EventType "team-swiss"]
[EventDate "2015.10.02"]

1. d4 Nf6 2. Nf3 e6 3. Bf4 c5 4. e3 Nc6 5. Bd3 d5 6. c3 Bd6 7. Bg3 O-O 8. Ne5
Qc7 9. f4 Ne8 10. Qh5 f5 11. Bf2 Nf6 12. Qh3 Ne4 13. Nd2 Qb6 14. Rb1 cxd4 15.
exd4 Nxf2 16. Kxf2 Bxe5 17. fxe5 Nxe5 18. Ke2 Nxd3 19. Kxd3 Bd7 20. Nf3 Qa6+
21. Kd2 Qxa2 22. Ne5 Be8 23. Rhf1 Bg6 24. Qg3 f4 25. Qg4 Bxb1 26. Qxe6+ Kh8 27.
Kc1 Be4 28. h4 Qa1+ 29. Kd2 Qxb2+ 30. Kd1 Qc2+ 31. Ke1 Qc1+ 32. Ke2 Qc2+ 33.
Ke1 Qxc3+ 34. Ke2 Qe3+ 35. Kd1 Qxd4+ 36. Ke1 Qc3+ 37. Ke2 Bd3+ 38. Nxd3 Rfe8
0-1

[Event "Deutsche Ländermeisterschaft 2015"]
[Site "Hannover GER"]
[Date "2015.10.07"]
[Round "7"]
[White "Basovskiy, Jana"]
[Black "Glinzner, Alva"]
[Result "0-1"]
[Termination "normal"]
[Board "3.8"]
[WhiteElo "1285"]
[BlackElo "1440"]
[WhiteClock "00:09:41"]
[BlackClock "00:59:14"]
[WhiteTeam "Baden 1"]
[BlackTeam "Schleswig-Holstein"]
[PlyCount "84"]
[WhiteFideId "16208617"]
[BlackFideId "16206169"]
[EventCountry "GER"]
[EventRounds "7"]
[EventType "team-swiss"]
[EventDate "2015.10.02"]

1. e4 c6 2. d4 d5 3. Nc3 dxe4 4. Nxe4 Bf5 5. Ng3 Bg6 6. h4 h6 7. Nf3 Nd7 8. h5
Bh7 9. Bd3 Bxd3 10. Qxd3 Ngf6 11. Bd2 e6 12. O-O-O Qb6 13. Rde1 Be7 14. Bf4 c5
15. Be3 Rc8 16. a3 c4 17. Qe2 c3 18. b4 Nd5 19. Ne4 Bxb4 20. Kd1 Bxa3 21. Qd3
f5 22. Ng3 f4 23. Qg6+ Kd8 24. Qxg7 Qb1+ 25. Ke2 Qxc2+ 26. Kf1 Nxe3+ 27. fxe3
fxg3 28. Qxh8+ Kc7 29. Re2 Qxe2+ 30. Kxe2 Rxh8 31. Kd3 Bb2 32. Kc2 a5 33. Ne1
a4 34. Nd3 a3 35. Nxb2 cxb2 36. Kb1 b5 37. Ka2 Ra8 38. Rg1 Nb6 39. Rf1 Nc4 40.
Re1 Nd2 41. Rd1 b4 42. Rxd2 b3+ 0-1

[Event "Deutsche Ländermeisterschaft 2015"]
[Site "Hannover GER"]
[Date "2015.10.07"]
[Round "7"]
[White "Maj, Kornel"]
[Black "Heinemann, Josefine"]
[Result "1-0"]
[Termination "normal"]
[Board "4.1"]
[WhiteElo "2039"]
[BlackElo "2244"]
[WhiteClock "00:02:42"]
[BlackClock "00:05:22"]
[WhiteTeam "Württemberg"]
[BlackTeam "Sachsen-Anhalt"]
[PlyCount "88"]
[WhiteFideId "1160613"]
[BlackFideId "12900460"]
[EventCountry "GER"]
[EventRounds "7"]
[EventType "team-swiss"]
[EventDate "2015.10.02"]

1. d4 Nf6 2. c4 g6 3. Nc3 d5 4. Nf3 Bg7 5. Qb3 dxc4 6. Qxc4 O-O 7. e4 Bg4 8.
Be3 Nc6 9. Be2 Nd7 10. Rd1 Nb6 11. Qd3 Nb4 12. Qd2 f5 13. exf5 Bxf5 14. O-O
N4d5 15. Bh6 c6 16. Ne5 Nxc3 17. bxc3 Nd5 18. Bxg7 Kxg7 19. c4 Nf6 20. Qb4 Qc7
21. Bf3 Be4 22. Rfe1 Bxf3 23. Nxf3 Rfe8 24. Ng5 Kg8 25. Ne6 Qd6 26. Qd2 Kf7 27.
Qh6 Qxe6 28. Rxe6 Kxe6 29. Qg7 Rad8 30. Re1+ Kd7 31. f3 b5 32. cxb5 cxb5 33.
Qf7 Rb8 34. Qe6+ Kd8 35. Qa6 Nd7 36. Qxa7 e6 37. Rc1 Rb6 38. d5 exd5 39. Qa8+
Rb8 40. Qxd5 Rb6 41. Rd1 Re7 42. Qa8+ Kc7 43. Rc1+ Kd6 44. Qd8 Kd5 1-0

[Event "Deutsche Ländermeisterschaft 2015"]
[Site "Hannover GER"]
[Date "2015.10.07"]
[Round "7"]
[White "Sieber, Fiona"]
[Black "Schmidt, Tobias"]
[Result "1/2-1/2"]
[Termination "normal"]
[Board "4.2"]
[WhiteTitle "WFM"]
[WhiteElo "2167"]
[BlackElo "2121"]
[WhiteClock "00:17:48"]
[BlackClock "00:19:15"]
[WhiteTeam "Sachsen-Anhalt"]
[BlackTeam "Württemberg"]
[PlyCount "148"]
[WhiteFideId "12902373"]
[BlackFideId "1271683"]
[EventCountry "GER"]
[EventRounds "7"]
[EventType "team-swiss"]
[EventDate "2015.10.02"]

1. e4 e6 2. d4 d5 3. Nc3 Bb4 4. e5 c5 5. a3 Bxc3+ 6. bxc3 Qa5 7. Bd2 Qa4 8. Qg4
g6 9. Nf3 Nc6 10. Be2 Qxc2 11. dxc5 Qe4 12. Qxe4 dxe4 13. Ng5 f5 14. exf6 Nxf6
15. Bc4 Ne5 16. Bxe6 h6 17. Bxc8 Rxc8 18. Nh3 Nd3+ 19. Ke2 Nxc5 20. Nf4 Kf7 21.
h4 Ne6 22. Nxe6 Kxe6 23. Rhb1 b6 24. a4 Nd5 25. a5 Rc4 26. Rb3 h5 27. g3 Rhc8
28. axb6 axb6 29. Raa3 R8c7 30. Ke1 R7c5 31. Be3 Nxe3 32. Rxb6+ Kf5 33. fxe3
Rxc3 34. Rxc3 Rxc3 35. Kd2 Ra3 36. Rb4 Ra2+ 37. Ke1 Rg2 38. Kf1 Rxg3 39. Kf2
Rf3+ 40. Ke2 Rh3 41. Rb5+ Kf6 42. Rb6+ Kg7 43. Kf2 Rxh4 44. Kg3 Rg4+ 45. Kh3
Kf7 46. Ra6 Rg5 47. Kh4 Re5 48. Kg3 Rf5 49. Kh4 Re5 50. Kg3 Re6 51. Ra5 Ke7 52.
Kf4 Kd6 53. Rg5 h4 54. Kg4 Rf6 55. Kxh4 Rf3 56. Rxg6+ Kd5 57. Rg3 Rf2 58. Rg8
Rf3 59. Rg3 Rf1 60. Kh3 Kc4 61. Kg2 Rf8 62. Rg7 Kd3 63. Ra7 Rf3 64. Ra3+ Ke2
65. Ra2+ Kd3 66. Ra3+ Kc4 67. Ra4+ Kd5 68. Ra5+ Ke6 69. Kg1 Rxe3 70. Kf2 Rb3
71. Ke2 Rh3 72. Rb5 Rd3 73. Ra5 Rd5 74. Rxd5 Kxd5 1/2-1/2

[Event "Deutsche Ländermeisterschaft 2015"]
[Site "Hannover GER"]
[Date "2015.10.07"]
[Round "7"]
[White "Peng, Xiang-Tobias"]
[Black "Kitze, Alexander"]
[Result "0-1"]
[Termination "normal"]
[Board "4.3"]
[WhiteElo "2031"]
[BlackElo "2172"]
[WhiteClock "00:01:04"]
[BlackClock "00:02:15"]
[WhiteTeam "Württemberg"]
[BlackTeam "Sachsen-Anhalt"]
[PlyCount "72"]
[WhiteFideId "12964328"]
[BlackFideId "12914827"]
[EventCountry "GER"]
[EventRounds "7"]
[EventType "team-swiss"]
[EventDate "2015.10.02"]

1. e4 c5 2. Nf3 d6 3. d4 cxd4 4. Nxd4 Nf6 5. Nc3 a6 6. h3 e5 7. Nde2 h5 8. Bg5
Be7 9. Bxf6 Bxf6 10. Nd5 O-O 11. Nec3 g6 12. Bc4 b5 13. Bb3 Bb7 14. O-O Nd7 15.
Qd2 Bg5 16. Qe2 Kg7 17. Rad1 Nc5 18. g3 f5 19. exf5 Rxf5 20. Ne4 Nxe4 21. Qxe4
Qd7 22. f4 exf4 23. Qd4+ Kh7 24. gxf4 Bd8 25. c3 Qc6 26. Kh2 Bh4 27. Rg1 Re8
28. Qd3 Qc5 29. Rg2 Bxd5 30. Bxd5 Re3 31. Qc2 Rf6 32. Be4 Kh6 33. Bxg6 Rxf4 34.
Bxh5 Qxh5 35. Qd2 Rxh3+ 36. Kg1 Bf2+ 0-1

[Event "Deutsche Ländermeisterschaft 2015"]
[Site "Hannover GER"]
[Date "2015.10.07"]
[Round "7"]
[White "Roseneck, Jonas"]
[Black "Degenhard, Simon"]
[Result "1-0"]
[Termination "normal"]
[Board "4.4"]
[WhiteElo "2074"]
[BlackElo "1838"]
[WhiteClock "00:20:13"]
[BlackClock "00:44:21"]
[WhiteTeam "Sachsen-Anhalt"]
[BlackTeam "Württemberg"]
[PlyCount "43"]
[WhiteFideId "12939870"]
[BlackFideId "12944017"]
[EventCountry "GER"]
[EventRounds "7"]
[EventType "team-swiss"]
[EventDate "2015.10.02"]

1. e4 c5 2. Nf3 a6 3. c3 e6 4. d4 d5 5. e5 Bd7 6. Bd3 cxd4 7. cxd4 Bb5 8. Bc2
Ne7 9. Nc3 Bd7 10. O-O Nbc6 11. a3 Rc8 12. Re1 Na5 13. Ng5 h5 14. Qf3 Nf5 15.
Bxf5 exf5 16. e6 fxe6 17. Nxe6 Bxe6 18. Rxe6+ Kf7 19. Qxf5+ Kg8 20. Bg5 Qd7 21.
Rae1 Bd6 22. Qxd5 1-0

[Event "Deutsche Ländermeisterschaft 2015"]
[Site "Hannover GER"]
[Date "2015.10.07"]
[Round "7"]
[White "Stoll, Katja"]
[Black "Stein, Robert"]
[Result "0-1"]
[Termination "normal"]
[Board "4.5"]
[WhiteElo "1840"]
[BlackElo "2050"]
[WhiteClock "01:00:56"]
[BlackClock "00:30:35"]
[WhiteTeam "Württemberg"]
[BlackTeam "Sachsen-Anhalt"]
[PlyCount "62"]
[WhiteFideId "1271730"]
[BlackFideId "12921084"]
[EventCountry "GER"]
[EventRounds "7"]
[EventType "team-swiss"]
[EventDate "2015.10.02"]

1. e4 e5 2. Nf3 Nc6 3. Nc3 Nf6 4. Bb5 Nd4 5. Ba4 Bc5 6. O-O Qe7 7. d3 c6 8. Bg5
h6 9. Bh4 b5 10. Bb3 d6 11. Nxd4 Bxd4 12. Rb1 g5 13. Bg3 h5 14. h3 h4 15. Bh2
g4 16. hxg4 Bxg4 17. Qd2 Nh5 18. Ne2 Bxe2 19. Qxe2 Ng3 20. Qf3 Nxf1 21. Kxf1
Rh6 22. Qg4 Rg6 23. Qe2 O-O-O 24. c3 Bb6 25. c4 Rdg8 26. f3 Qg5 27. cxb5 Qxg2+
28. Qxg2 Rxg2 29. Bxf7 Rxh2 30. Bxg8 Rh1+ 31. Ke2 Rxb1 0-1

[Event "Deutsche Ländermeisterschaft 2015"]
[Site "Hannover GER"]
[Date "2015.10.07"]
[Round "7"]
[White "Biastoch, Bennet"]
[Black "Yi, Danny"]
[Result "1-0"]
[Termination "normal"]
[Board "4.6"]
[WhiteElo "2006"]
[BlackElo "1745"]
[WhiteClock "00:02:14"]
[BlackClock "00:10:17"]
[WhiteTeam "Sachsen-Anhalt"]
[BlackTeam "Württemberg"]
[PlyCount "101"]
[WhiteFideId "12939889"]
[BlackFideId "12988588"]
[EventCountry "GER"]
[EventRounds "7"]
[EventType "team-swiss"]
[EventDate "2015.10.02"]

1. e4 e5 2. Nf3 Nc6 3. Bb5 a6 4. Ba4 Nf6 5. d3 d6 6. O-O b5 7. Bb3 Be7 8. c3
Bg4 9. Nbd2 O-O 10. h3 Bh5 11. Re1 Na5 12. Bc2 c5 13. Nf1 Nc6 14. Ng3 Bg6 15.
Nh4 b4 16. Nhf5 Rb8 17. Bg5 Qd7 18. Ba4 Rfc8 19. d4 exd4 20. cxd4 Bxf5 21. Nxf5
h6 22. Bxf6 Bxf6 23. d5 Bxb2 24. Bxc6 Qd8 25. Rb1 Be5 26. Qg4 Kh7 27. Rec1 g6
28. Ne3 Qa5 29. Qe2 Bd4 30. Nc4 Qd8 31. Nd2 Rb6 32. Qg4 Rc7 33. Nc4 Rb8 34. Qf4
Re7 35. Qxd6 Rxe4 36. Qxd8 Rxd8 37. Re1 Bxf2+ 38. Kxf2 Rxc4 39. Rbc1 Rf4+ 40.
Ke3 g5 41. Rxc5 Rd6 42. Re2 f5 43. Kd3 Rf1 44. Ba4 Ra1 45. Re7+ Kg6 46. Rc6
Rxc6 47. dxc6 Rxa2 48. c7 Ra3+ 49. Kd4 Rc3 50. Re6+ Kf7 51. Rc6 1-0

[Event "Deutsche Ländermeisterschaft 2015"]
[Site "Hannover GER"]
[Date "2015.10.07"]
[Round "7"]
[White "Lederer, Leia"]
[Black "Post, Hugo"]
[Result "0-1"]
[Termination "normal"]
[Board "4.7"]
[WhiteElo "1617"]
[BlackElo "1748"]
[WhiteClock "00:03:12"]
[BlackClock "00:39:35"]
[WhiteTeam "Württemberg"]
[BlackTeam "Sachsen-Anhalt"]
[PlyCount "112"]
[WhiteFideId "12926353"]
[BlackFideId "12962490"]
[EventCountry "GER"]
[EventRounds "7"]
[EventType "team-swiss"]
[EventDate "2015.10.02"]

1. e4 c5 2. Nf3 d6 3. d4 cxd4 4. Nxd4 Nf6 5. Nc3 g6 6. Be3 Bg7 7. f3 O-O 8. Qd2
Nc6 9. O-O-O Nxd4 10. Bxd4 Be6 11. g4 Qa5 12. Kb1 Rfc8 13. g5 Nh5 14. Bxg7 Nxg7
15. h4 b5 16. Nd5 Qa6 17. b3 Bxd5 18. Qxd5 Rab8 19. f4 Rc5 20. Qd3 Qc6 21. Rd2
a5 22. Bg2 Qc7 23. Bh3 a4 24. f5 Rc3 25. Qe2 Qc5 26. fxg6 hxg6 27. Bg4 a3 28.
h5 Re3 29. Qd1 Rxe4 30. Be2 Qe5 31. c3 Qxc3 32. hxg6 fxg6 33. Rc2 Qe5 34. Bf3
Rd4 35. Qc1 Qf5 36. Be2 b4 37. Rf1 Qe4 38. Bf3 Qe6 39. Re2 Qd7 40. Qe3 Nf5 41.
Qf2 e6 42. Be4 Qg7 43. Bxf5 exf5 44. Rc2 Re8 45. Re1 Rde4 46. Rec1 R4e7 47. Qd2
Qe5 48. Qxb4 f4 49. Qxa3 f3 50. Qa6 Qf5 51. Qc4+ d5 52. Qc5 Re2 53. Ka1 f2 54.
Rxe2 Rxe2 55. Qa7 Qe5+ 56. Kb1 Qb2# 0-1

[Event "Deutsche Ländermeisterschaft 2015"]
[Site "Hannover GER"]
[Date "2015.10.07"]
[Round "7"]
[White "Stowicek, Yara Mathilda"]
[Black "Zell, Hannah"]
[Result "1/2-1/2"]
[Termination "normal"]
[Board "4.8"]
[WhiteElo "1485"]
[BlackElo "1212"]
[WhiteClock "01:16:51"]
[BlackClock "00:46:52"]
[WhiteTeam "Sachsen-Anhalt"]
[BlackTeam "Württemberg"]
[PlyCount "48"]
[WhiteFideId "16203569"]
[BlackFideId "16208900"]
[EventCountry "GER"]
[EventRounds "7"]
[EventType "team-swiss"]
[EventDate "2015.10.02"]

1. e4 e5 2. Nf3 Nc6 3. Bc4 Bc5 4. d3 Nf6 5. c3 O-O 6. O-O d6 7. Nbd2 h6 8. Re1
Ne7 9. Nf1 Ng6 10. Ng3 a6 11. Bb3 b5 12. d4 Ba7 13. h3 c6 14. Bc2 Bb7 15. Nf5
Nh5 16. g3 a5 17. a3 Bb6 18. Nxe5 Nf6 19. Nf3 Bc7 20. Be3 Ne7 21. N5h4 Ng6 22.
Nf5 Ne7 23. N5h4 Ng6 24. Nf5 Ne7 1/2-1/2

[Event "Deutsche Ländermeisterschaft 2015"]
[Site "Hannover GER"]
[Date "2015.10.07"]
[Round "7"]
[White "Wielebinski, Paul Martin"]
[Black "Holtel, Jasper"]
[Result "0-1"]
[Termination "normal"]
[Board "5.1"]
[BlackTitle "FM"]
[WhiteElo "1938"]
[BlackElo "2316"]
[WhiteClock "00:37:06"]
[BlackClock "00:14:06"]
[WhiteTeam "Niedersachsen 2"]
[BlackTeam "Nordrhein-Westfalen"]
[PlyCount "122"]
[WhiteFideId "12987930"]
[BlackFideId "12956376"]
[EventCountry "GER"]
[EventRounds "7"]
[EventType "team-swiss"]
[EventDate "2015.10.02"]

1. Nf3 Nf6 2. g3 g6 3. Bg2 Bg7 4. O-O c5 5. c4 O-O 6. d4 cxd4 7. Nxd4 Nc6 8.
Nc3 Qb6 9. Nc2 d6 10. Ne3 Be6 11. Ned5 Bxd5 12. cxd5 Ne5 13. Rb1 Rfc8 14. Be3
Qa6 15. Bd4 Nfd7 16. b3 Rc7 17. Qd2 Rac8 18. Rfc1 b5 19. a4 bxa4 20. bxa4 Nb6
21. Bxb6 axb6 22. Bh3 f5 23. Nb5 Rc4 24. Rxc4 Rxc4 25. Nc3 Qa5 26. Rb3 Rxa4 27.
Qe3 Rb4 28. Rxb4 Qxb4 29. f4 Nf3+ 30. Qxf3 Bxc3 31. Bf1 Bd4+ 32. e3 Qc3 33. Kf2
Bc5 34. Qe2 Kf7 35. Qd3 Qc1 36. Kf3 Bxe3 37. Be2 Bc5 38. Kg2 Qe1 39. Bd1 Qf2+
40. Kh3 Qa2 41. Bb3 Qb2 42. Bc2 Bd4 43. Qe2 Bf6 44. Bd3 Qd4 45. Qc2 h5 46. Bf1
Kg7 47. Qd3 Qg1 48. Bg2 Qf2 49. Qf1 Qc5 50. Qd3 b5 51. Bf1 b4 52. Qc4 Qg1 53.
Bd3 h4 54. Qc2 hxg3 55. hxg3 b3 56. Qg2 Qd1 57. Qe2 Qh1+ 58. Qh2 Qxd5 59. Qe2
Qh1+ 60. Qh2 Qc1 61. Qe2 b2 0-1

[Event "Deutsche Ländermeisterschaft 2015"]
[Site "Hannover GER"]
[Date "2015.10.07"]
[Round "7"]
[White "Schröder, Kevin"]
[Black "Koch, Yannick"]
[Result "1-0"]
[Termination "normal"]
[Board "5.2"]
[WhiteElo "2298"]
[BlackElo "1955"]
[WhiteClock "01:19:16"]
[BlackClock "00:03:21"]
[WhiteTeam "Nordrhein-Westfalen"]
[BlackTeam "Niedersachsen 2"]
[PlyCount "117"]
[WhiteFideId "12929840"]
[BlackFideId "24661678"]
[EventCountry "GER"]
[EventRounds "7"]
[EventType "team-swiss"]
[EventDate "2015.10.02"]

1. c4 e6 2. Nc3 Nf6 3. Nf3 b6 4. e4 d6 5. d4 Bb7 6. Bd3 Nbd7 7. O-O e5 8. d5
Be7 9. Bc2 O-O 10. Ne1 Ne8 11. Nd3 Bg5 12. Ba4 Bxc1 13. Rxc1 Bc8 14. Bc6 Rb8
15. b4 f5 16. Qa4 a6 17. exf5 Rxf5 18. f4 Nef6 19. fxe5 Nxe5 20. Nxe5 Rxe5 21.
Rce1 Qe7 22. Qd1 Ng4 23. Qc1 Ne3 24. Rf4 Nxc4 25. Ref1 b5 26. a4 Bb7 27. axb5
Bxc6 28. Rxc4 Bb7 29. bxa6 Bxa6 30. b5 Bb7 31. Na4 Qg5 32. Rxc7 Qxc1 33. Rfxc1
Bxd5 34. b6 Re2 35. Rc8+ Rxc8 36. Rxc8+ Kf7 37. Rc7+ Re7 38. Kf2 Ke8 39. Ra7
Kd8 40. Nc3 Bc6 41. Nb5 Rxa7 42. bxa7 d5 43. g3 Kc8 44. Nd6+ Kc7 45. Ne8+ Kb7
46. Nxg7 Kxa7 47. Nh5 Kb6 48. Nf6 h6 49. Ng4 h5 50. Nf6 h4 51. gxh4 Kc5 52. h5
Ba4 53. h6 Bc2 54. h7 Bxh7 55. Nxh7 Kd4 56. Ng5 Ke5 57. Ke3 Kf5 58. Nf3 Kg4 59.
h4 1-0

[Event "Deutsche Ländermeisterschaft 2015"]
[Site "Hannover GER"]
[Date "2015.10.07"]
[Round "7"]
[White "Brunner, Wilken"]
[Black "Mundorf, Johannes"]
[Result "0-1"]
[Termination "normal"]
[Board "5.3"]
[WhiteElo "1783"]
[BlackElo "2211"]
[WhiteClock "01:29:26"]
[BlackClock "00:39:06"]
[WhiteTeam "Niedersachsen 2"]
[BlackTeam "Nordrhein-Westfalen"]
[PlyCount "78"]
[WhiteFideId "12928771"]
[BlackFideId "24672491"]
[EventCountry "GER"]
[EventRounds "7"]
[EventType "team-swiss"]
[EventDate "2015.10.02"]

1. c4 c5 2. g3 g6 3. Bg2 Bg7 4. Nc3 Nc6 5. a3 d6 6. Rb1 e6 7. b4 Nge7 8. e3 Ne5
9. Qb3 Nd3+ 10. Ke2 Nxc1+ 11. Rxc1 cxb4 12. axb4 O-O 13. Nh3 e5 14. Ng5 h6 15.
d3 hxg5 16. h4 gxh4 17. Rxh4 Rb8 18. Qa3 a6 19. b5 Be6 20. bxa6 bxa6 21. Qxa6
Qb6 22. Qxb6 Rxb6 23. Rc2 Rfb8 24. Rh1 Nc6 25. Bxc6 Rxc6 26. e4 Bf6 27. Ra1 Bd8
28. f3 Kg7 29. Kd2 Bg5+ 30. Ke2 Rh8 31. Rf1 Rh3 32. f4 Bg4+ 33. Kd2 Bh6 34. Nd5
Rxg3 35. Rf2 Be6 36. Ne7 Rc7 37. Nd5 Bxd5 38. exd5 Bxf4+ 39. Rxf4 exf4 0-1

[Event "Deutsche Ländermeisterschaft 2015"]
[Site "Hannover GER"]
[Date "2015.10.07"]
[Round "7"]
[White "Möller, Hannah"]
[Black "Browning, Alex"]
[Result "1/2-1/2"]
[Termination "normal"]
[Board "5.5"]
[WhiteElo "1638"]
[BlackElo "1936"]
[WhiteClock "01:05:47"]
[BlackClock "00:16:28"]
[WhiteTeam "Niedersachsen 2"]
[BlackTeam "Nordrhein-Westfalen"]
[PlyCount "115"]
[WhiteFideId "1270514"]
[BlackFideId "12984019"]
[EventCountry "GER"]
[EventRounds "7"]
[EventType "team-swiss"]
[EventDate "2015.10.02"]

1. Nf3 Nf6 2. g3 g6 3. Bg2 Bg7 4. O-O O-O 5. c4 d6 6. d4 Nc6 7. Nc3 a6 8. Bf4
Rb8 9. Qd2 Re8 10. Bh6 Bh8 11. h3 Bd7 12. Rfd1 b5 13. cxb5 axb5 14. Ng5 e5 15.
dxe5 Nxe5 16. Nd5 Nc4 17. Qc2 Be6 18. Nxf6+ Qxf6 19. b3 Nb6 20. Qxc7 Bd5 21. e4
Rec8 22. Qa7 Rb7 23. Qa3 Rc2 24. Rf1 Bg7 25. Bxg7 Kxg7 26. exd5 Qxg5 27. Qxd6
Nc8 28. Qb4 Qf6 29. d6 Rd7 30. Qxb5 Rxd6 31. Rac1 Rxc1 32. Rxc1 Rd2 33. Qf1 Qd4
34. Rc4 Qd7 35. Kh2 Rxa2 36. Qe1 Ne7 37. b4 Qd6 38. b5 Nf5 39. Rc6 Qd4 40. b6
Rxf2 41. Qc3 Rb2 42. b7 Rxb7 43. Qxd4+ Nxd4 44. Rxg6+ hxg6 45. Bxb7 f5 46. Kg2
Kf6 47. Kf2 g5 48. Bc8 Ke5 49. h4 gxh4 50. gxh4 f4 51. Bg4 Nc2 52. h5 Kf6 53.
Kf3 Kg5 54. Kf2 Nb4 55. Be2 Nd5 56. Kf3 Nf6 57. h6 Kxh6 58. Kxf4 1/2-1/2

[Event "Deutsche Ländermeisterschaft 2015"]
[Site "Hannover GER"]
[Date "2015.10.07"]
[Round "7"]
[White "Browning, Rebecca"]
[Black "Pubantz, Jan"]
[Result "1-0"]
[Termination "normal"]
[Board "5.6"]
[WhiteElo "1589"]
[BlackElo "1435"]
[WhiteClock "00:15:59"]
[BlackClock "00:02:23"]
[WhiteTeam "Nordrhein-Westfalen"]
[BlackTeam "Niedersachsen 2"]
[PlyCount "87"]
[WhiteFideId "12984027"]
[BlackFideId "12996114"]
[EventCountry "GER"]
[EventRounds "7"]
[EventType "team-swiss"]
[EventDate "2015.10.02"]

1. d4 d5 2. Bf4 Nf6 3. e3 c5 4. c3 Nc6 5. Nd2 Bf5 6. Ngf3 e6 7. Ne5 Be7 8. Bb5
Qb6 9. Qb3 Rc8 10. Bxc6+ bxc6 11. O-O O-O 12. h3 Rfd8 13. g4 Bg6 14. Nxg6 hxg6
15. Qxb6 axb6 16. a4 cxd4 17. exd4 c5 18. dxc5 Bxc5 19. Nb3 Nd7 20. Nxc5 Nxc5
21. Be3 Rc6 22. Ra3 Ra8 23. Rfa1 Na6 24. b4 Rd6 25. Rd1 e5 26. Kf1 d4 27. Ke2
Nc7 28. Raa1 Ne6 29. f4 d3+ 30. Rxd3 Rxd3 31. Kxd3 Nxf4+ 32. Bxf4 exf4 33. Kc4
Kf8 34. Kb5 Rb8 35. Kc6 Rc8+ 36. Kxb6 Rxc3 37. a5 f3 38. a6 Re3 39. Rf1 Re6+
40. Ka5 Re5+ 41. b5 Ke7 42. Rxf3 Re2 43. a7 Kd7 44. Kb6 1-0

[Event "Deutsche Ländermeisterschaft 2015"]
[Site "Hannover GER"]
[Date "2015.10.07"]
[Round "7"]
[White "Lamottke, Svenja"]
[Black "Kracht, Raphael"]
[Result "1-0"]
[Termination "normal"]
[Board "5.7"]
[WhiteElo "1466"]
[BlackElo "1532"]
[WhiteClock "00:05:50"]
[BlackClock "00:08:21"]
[WhiteTeam "Niedersachsen 2"]
[BlackTeam "Nordrhein-Westfalen"]
[PlyCount "61"]
[WhiteFideId "12918229"]
[BlackFideId "16214382"]
[EventCountry "GER"]
[EventRounds "7"]
[EventType "team-swiss"]
[EventDate "2015.10.02"]

1. e4 e5 2. Nf3 Nc6 3. Bb5 a6 4. Ba4 Nf6 5. O-O b5 6. Bb3 Be7 7. d4 Nxd4 8.
Nxd4 exd4 9. e5 Ne4 10. Qf3 f5 11. exf6 Nxf6 12. Qxa8 d5 13. Bg5 d3 14. cxd3 c5
15. Nd2 c4 16. Bc2 O-O 17. dxc4 bxc4 18. Qa7 Bd6 19. Qd4 Bb7 20. Rfe1 Qd7 21.
Bxf6 Rxf6 22. Nf3 h6 23. Qe3 Kf8 24. Ne5 Bxe5 25. Qxe5 d4 26. Qc5+ Rd6 27. Qxc4
d3 28. Rad1 dxc2 29. Qf4+ Rf6 30. Qb4+ Kg8 31. Rxd7 1-0

[Event "Deutsche Ländermeisterschaft 2015"]
[Site "Hannover GER"]
[Date "2015.10.07"]
[Round "7"]
[White "Müdder, Melanie"]
[Black "Abele, Anais"]
[Result "1/2-1/2"]
[Termination "normal"]
[Board "5.8"]
[WhiteElo "1585"]
[BlackElo "1457"]
[WhiteClock "00:33:41"]
[BlackClock "00:26:47"]
[WhiteTeam "Nordrhein-Westfalen"]
[BlackTeam "Niedersachsen 2"]
[PlyCount "103"]
[WhiteFideId "12994103"]
[BlackFideId "16208927"]
[EventCountry "GER"]
[EventRounds "7"]
[EventType "team-swiss"]
[EventDate "2015.10.02"]

1. e4 e5 2. Nf3 Nc6 3. Bb5 a6 4. Ba4 Nf6 5. d4 exd4 6. O-O Be7 7. Re1 O-O 8. e5
Nd5 9. Bb3 Nb6 10. c3 dxc3 11. Nxc3 d6 12. e6 Bxe6 13. Bxe6 fxe6 14. Rxe6 Qd7
15. Re3 Bf6 16. Ne4 Rae8 17. Qc2 Ne5 18. Rc3 Nxf3+ 19. Rxf3 Be7 20. Rh3 Qf5 21.
Qe2 Bd8 22. Re3 Qf7 23. Nc3 Rxe3 24. Bxe3 Nc4 25. b3 Nxe3 26. Qxe3 Bf6 27. Rc1
Bxc3 28. Rxc3 Re8 29. Qd2 Qf6 30. Rxc7 Qe5 31. Rc1 d5 32. g3 d4 33. Kf1 Qe4 34.
f3 Qxf3+ 35. Qf2 Qh1+ 36. Qg1 Rf8+ 37. Ke2 Qf3+ 38. Kd2 Qf2+ 39. Qxf2 Rxf2+ 40.
Kd3 Rxh2 41. Rc8+ Kf7 42. Rc7+ Kg6 43. Rxb7 Rxa2 44. Kxd4 Rg2 45. Rb6+ Kf5 46.
Rxa6 Rxg3 47. Ra5+ Kf6 48. Ra6+ Kf7 49. Ra7+ Kg6 50. Ra6+ Kh5 51. Ra5+ g5 52.
b4 1/2-1/2

[Event "Deutsche Ländermeisterschaft 2015"]
[Site "Hannover GER"]
[Date "2015.10.07"]
[Round "7"]
[White "Grunau, Christoph"]
[Black "Urban, Lars"]
[Result "0-1"]
[Termination "normal"]
[Board "6.1"]
[WhiteElo "2194"]
[BlackElo "2138"]
[WhiteTeam "Baden 2"]
[BlackTeam "Thüringen"]
[PlyCount "48"]
[WhiteFideId "12929760"]
[BlackFideId "4644034"]
[EventCountry "GER"]
[EventRounds "7"]
[EventType "team-swiss"]
[EventDate "2015.10.02"]

1. e4 e6 2. d4 d5 3. Nd2 c5 4. exd5 exd5 5. Bb5+ Bd7 6. Qe2+ Be7 7. dxc5 Nf6 8.
Ngf3 O-O 9. O-O Re8 10. Nb3 Bxc5 11. Qd3 Bxb5 12. Qxb5 Bb6 13. Bg5 Qd7 14. Qd3
Ne4 15. Rad1 Nc6 16. a3 f6 17. Bc1 Rad8 18. c4 Qf5 19. Nbd4 Nxd4 20. Nxd4 dxc4
21. Qxc4+ Qd5 22. Qc2 Bxd4 23. Be3 Qc5 24. Qb3+ Kf8 0-1